|
|
|
|
| LEADER |
00000nam0a2200000 4500 |
| 001 |
364034 |
| 005 |
20231102011640.0 |
| 035 |
|
|
|a (RuTPU)RU\TPU\retro\21392
|
| 035 |
|
|
|a RU\TPU\retro\21388
|
| 090 |
|
|
|a 364034
|
| 100 |
|
|
|a 20211025d1980 k y0rusy50 ca
|
| 101 |
0 |
|
|a rus
|
| 102 |
|
|
|a RU
|
| 105 |
|
|
|a a z 101zy
|
| 200 |
1 |
|
|a Летательные аппараты. Проектирование и конструкции
|e труды IV объединенных научных чтенийпо космонавтике, посвященных памяти выдающихся советских ученых - пионеров освоения космического пространства (Москва, 28 января- 1 февраля 1980 г.)
|f Академия наук СССР (АН СССР)
|
| 210 |
|
|
|a Москва
|c [Б. и.]
|d 1980
|
| 215 |
|
|
|a 90 с.
|c ил.
|
| 320 |
|
|
|a Библиогр. в конце докл.
|
| 606 |
1 |
|
|a Космические летательные аппараты
|x Конструкция и расчет
|2 stltpush
|3 (RuTPU)RU\TPU\subj\15798
|9 42008
|
| 610 |
1 |
|
|a научные чтения
|
| 610 |
1 |
|
|a топливо
|
| 610 |
1 |
|
|a законы регулирования
|
| 610 |
1 |
|
|a спускаемые аппараты
|
| 610 |
1 |
|
|a неавтономное управление
|
| 610 |
1 |
|
|a Венера
|
| 610 |
1 |
|
|a поверхность
|
| 610 |
1 |
|
|a атмосфера
|
| 610 |
1 |
|
|a исследование
|
| 610 |
1 |
|
|a авиационная техника
|
| 610 |
1 |
|
|a конструкторские работы
|
| 610 |
1 |
|
|a автоматизация
|
| 675 |
|
|
|a 629.782.01(063)
|v 4
|
| 712 |
0 |
2 |
|a Академия наук СССР
|c (Ленинград/Москва)
|c (1925-1991)
|2 stltpush
|3 (RuTPU)RU\TPU\col\722
|9 23473
|
| 712 |
1 |
2 |
|a Летательные аппараты. Проектирование и конструкции
|c научные чтения
|d 4
|e Москва
|f 1980
|
| 801 |
|
1 |
|a RU
|b 63413507
|c 20151112
|
| 801 |
|
2 |
|a RU
|b 63413507
|c 20220329
|g RCR
|
| 942 |
|
|
|c BK
|